00672cam a22002291 4500001001300000003000400013005001700017008004100034010001700075025001900092035002000111040002300131042001200154050001500166100004700181245006700228260004800295300002600343504003100369650002500400999001700425sa 66002033 DLC20260227112226.0830413m19659999ii a b 000 0 eng  asa 66002033  aPL480:I-E-5370 a(OCoLC)10451980 aDLCcMnUdCoUdDLC apremarc00aQD75b.J281 aJanardhan, Pandarinath Bhuvanendra,d1921-10aPhysico-chemical techniques of analysisc[by] P. B. Janardhan. aBombay,aNew York,bAsia Pub. Housec[1965- av. billus.c25 cm. aBibliographical footnotes. 0aChemistry, Analytic. c68128d68128